LIBRARY & INFORMATION CENTRE, KCAET, TAVANUR

ONLINE PUBLIC ACCESS CATALOGUE (OPAC)

Religion and society / (Record no. 8684)

MARC details
000 -LEADER
fixed length control field 00389cam a2200157ua 4500
041 ## - LANGUAGE CODE
Language code of text/sound track or separate title eng
082 ## - DEWEY DECIMAL CLASSIFICATION NUMBER
Classification number 825
Item number RAD/RE
100 ## - MAIN ENTRY--AUTHOR NAME
Personal name Radhakrishnan, S .
245 ## - TITLE STATEMENT
Title Religion and society /
250 ## - EDITION STATEMENT
Edition statement 1 /
260 ## - PUBLICATION, DISTRIBUTION, ETC. (IMPRINT)
Place of publication London :
Name of publisher George Allen & Unwin Ltd ,
Year of publication 1959.
300 ## - PHYSICAL DESCRIPTION
Number of Pages 248 ; .
942 ## - ADDED ENTRY ELEMENTS (KOHA)
Koha item type Books
Holdings
Withdrawn status Lost status Damaged status Home library Current library Date acquired Full call number Accession Number Koha item type Public note
Withdrawn     KAUAET KAUAET 07/04/2012 825 3989 Books Deleted
free website counter